|
|
|
|
| LEADER |
00000nam0a2200000 4500 |
| 001 |
3247 |
| 005 |
20231030174406.0 |
| 010 |
|
|
|a 9850601930
|
| 035 |
|
|
|a (RuTPU)RU\TPU\book\3263
|
| 035 |
|
|
|a BOOK00003271
|
| 090 |
|
|
|a 3247
|
| 100 |
|
|
|a 20011209d1997 m y0rusy50 ca
|
| 101 |
0 |
|
|a rus
|
| 102 |
|
|
|a BY
|
| 105 |
|
|
|a a j 000zy
|
| 200 |
1 |
|
|a Операционная среда Windows и ее приложения
|f М. К. Буза, Л. В. Певзнер, И. А. Хижняк
|
| 210 |
|
|
|a Минск
|c Вышэйшая школа
|d 1997
|
| 215 |
|
|
|a 336 с.
|c ил.
|
| 610 |
1 |
|
|a операционные системы
|
| 610 |
1 |
|
|a Windows
|
| 610 |
1 |
|
|a текстовые редакторы
|
| 610 |
1 |
|
|a графические редакторы
|
| 610 |
1 |
|
|a табличные процессоры
|
| 610 |
1 |
|
|a программное обеспечение
|
| 610 |
1 |
|
|a учебные пособия
|
| 675 |
|
|
|a 681.3.066(07)
|v 3
|
| 700 |
|
1 |
|a Буза
|b М. К.
|g Михаил Константинович
|
| 701 |
|
1 |
|a Певзнер
|b Л. В.
|g Людмила Владимировна
|
| 701 |
|
1 |
|a Хижняк
|b И. А.
|g Игорь Александрович
|
| 801 |
|
0 |
|a RU
|b 63413507
|c 20011209
|g PSBO
|
| 801 |
|
2 |
|a RU
|b 63413507
|c 20070213
|g PSBO
|
| 942 |
|
|
|c BK
|